[Event "Madrid ch Superveteranos 2023-2024"]
[Site "Madrid ESP"]
[Date "2024.05.16"]
[Round "3.9"]
[White "Jimenez Ascarza, Jose Ignacio"]
[Black "Perez Agusti, Luis"]
[Result "1-0"]
[WhiteElo "1749"]
[BlackElo "1928"]
[PlyCount "73"]
[EventDate "2024.05.13"]
[EventType "swiss"]
[EventRounds "7"]
[EventCountry "ESP"]
[SourceTitle "Ajedrez en Madrid"]
[Source "lmi"]
[SourceDate "2024.05.13"]
[SourceVersion "1"]
[SourceVersionDate "2024.05.25"]
[SourceQuality "1"]

1. e4 Nf6 2. e5 Nd5 3. d4 d6 4. c4 Nb6 5. exd6 cxd6 6. Be2 g6 7. h3 Bg7 8. Nf3
O-O 9. O-O Nc6 10. Nc3 e5 11. d5 Ne7 12. Bg5 h6 13. Bd2 f5 14. Qc1 e4 15. Nh2
Kh7 16. f3 exf3 17. Nxf3 Nd7 18. Be3 Ne5 19. Nxe5 Bxe5 20. Bxh6 Rf7 21. Bf4
Bxf4 22. Rxf4 g5 23. Rf2 Ng6 24. Bd3 Ne5 25. Qd1 Kh6 26. b3 g4 27. Qd2+ Kh5 28.
Raf1 gxh3 29. Bxf5 Qg5 30. Qxg5+ Kxg5 31. Ne4+ Kh4 32. Rf4+ Kh5 33. Bxc8 hxg2
34. R1f2 Rxf4 35. Rxf4 Rxc8 36. Nxd6 Rc7 37. Rf5+ 1-0

[Event "Madrid ch Superveteranos 2023-2024"]
[Site "Madrid ESP"]
[Date "2024.05.16"]
[Round "3.10"]
[White "Samaniego Bordiu, Gonzalo"]
[Black "Martinez Pintor, Juan"]
[Result "0-1"]
[WhiteElo "1881"]
[BlackElo "1743"]
[PlyCount "48"]
[EventDate "2024.05.13"]
[EventType "swiss"]
[EventRounds "7"]
[EventCountry "ESP"]
[SourceTitle "Ajedrez en Madrid"]
[Source "lmi"]
[SourceDate "2024.05.13"]
[SourceVersion "1"]
[SourceVersionDate "2024.05.25"]
[SourceQuality "1"]

1. e4 e6 2. d4 d5 3. exd5 exd5 4. Bd3 Bd6 5. Nc3 Ne7 6. Nge2 c6 7. Bf4 Bf5 8.
Qd2 Bxd3 9. Qxd3 Ng6 10. Qe3+ Ne7 11. O-O-O Bxf4 12. Nxf4 O-O 13. Rde1 Nf5 14.
Qe5 g6 15. g4 Nd7 16. Qe2 Nxd4 17. Qd1 Qf6 18. Nd3 Rfe8 19. f4 Rxe1 20. Rxe1
Ne6 21. Qf3 Nec5 22. g5 Nxd3+ 23. cxd3 Qf5 24. Ne2 Ne5 0-1

[Event "Madrid ch Superveteranos 2023-2024"]
[Site "Madrid ESP"]
[Date "2024.05.16"]
[Round "3.11"]
[White "Martinez Rubio, Felipe"]
[Black "Corredor Gonzalez, Angel L."]
[Result "0-1"]
[WhiteElo "1746"]
[BlackElo "1845"]
[PlyCount "58"]
[EventDate "2024.05.13"]
[EventType "swiss"]
[EventRounds "7"]
[EventCountry "ESP"]
[SourceTitle "Ajedrez en Madrid"]
[Source "lmi"]
[SourceDate "2024.05.13"]
[SourceVersion "1"]
[SourceVersionDate "2024.05.25"]
[SourceQuality "1"]

1. d4 Nf6 2. Bf4 d6 3. e3 Nc6 4. Nf3 Bg4 5. Be2 Nh5 6. Bg3 Nxg3 7. hxg3 g6 8.
c4 Bg7 9. Nc3 O-O 10. Rh4 h5 11. Qc2 Re8 12. O-O-O Nb4 13. a3 Nxc2 14. Kxc2 c6
15. Rdh1 e5 16. Nh2 Bxe2 17. Nxe2 exd4 18. Nxd4 Qf6 19. Rf4 Qe5 20. Nhf3 Qe7
21. Nd2 d5 22. b4 dxc4 23. Nxc4 c5 24. bxc5 Qxc5 25. Nb3 Qc7 26. Kb1 Rac8 27.
Rc1 Qd7 28. Rc2 Qd1+ 29. Rc1 Qxb3+ 0-1

[Event "Madrid ch Superveteranos 2023-2024"]
[Site "Madrid ESP"]
[Date "2024.05.16"]
[Round "3.12"]
[White "Barahona Torrijos, Angel"]
[Black "Diaz Begonte, Manuel"]
[Result "1-0"]
[WhiteElo "1828"]
[BlackElo "1712"]
[PlyCount "37"]
[EventDate "2024.05.13"]
[EventType "swiss"]
[EventRounds "7"]
[EventCountry "ESP"]
[SourceTitle "Ajedrez en Madrid"]
[Source "lmi"]
[SourceDate "2024.05.13"]
[SourceVersion "1"]
[SourceVersionDate "2024.05.25"]
[SourceQuality "1"]

1. e4 d5 2. d4 dxe4 3. Nc3 Nf6 4. f3 e3 5. Bxe3 Nd5 6. Nxd5 Qxd5 7. Bd3 Nc6 8.
Ne2 e5 9. Be4 Qa5+ 10. c3 Bd7 11. O-O exd4 12. Nxd4 Bc5 13. b4 Nxb4 14. cxb4
Qxb4 15. Qb3 Qb6 16. Qxb6 axb6 17. Nc2 Bc6 18. Bxc6+ bxc6 19. Bxc5 1-0

[Event "Madrid ch Superveteranos 2023-2024"]
[Site "Madrid ESP"]
[Date "2024.05.16"]
[Round "3.13"]
[White "Ghavami, Mahmoud"]
[Black "Hernandez Gutierrez, Jose"]
[Result "0-1"]
[WhiteElo "1682"]
[BlackElo "1805"]
[PlyCount "56"]
[EventDate "2024.05.13"]
[EventType "swiss"]
[EventRounds "7"]
[EventCountry "ESP"]
[SourceTitle "Ajedrez en Madrid"]
[Source "lmi"]
[SourceDate "2024.05.13"]
[SourceVersion "1"]
[SourceVersionDate "2024.05.25"]
[SourceQuality "1"]

1. d4 Nf6 2. c4 e6 3. Nc3 d5 4. Bg5 Nbd7 5. Nf3 Be7 6. e3 h6 7. Bh4 O-O 8. Bd3
dxc4 9. Bxc4 a6 10. O-O b5 11. Bd3 Bb7 12. Qe2 c5 13. Rad1 cxd4 14. Nxd4 Qb6
15. Bb1 Rfd8 16. a3 Rac8 17. e4 Ne5 18. Nf3 Nxf3+ 19. Qxf3 b4 20. Na4 Qb5 21.
Qb3 bxa3 22. Qxb5 axb5 23. e5 Rxd1 24. Rxd1 Nd5 25. Bxe7 Nxe7 26. Nc3 axb2 27.
Nxb5 Rc1 28. Nc3 Nd5 0-1

[Event "Madrid ch Superveteranos 2023-2024"]
[Site "Madrid ESP"]
[Date "2024.05.16"]
[Round "3.14"]
[White "Hurtado Garrido, Reyes"]
[Black "Calle Trueba, Jose Antonio"]
[Result "1/2-1/2"]
[WhiteElo "1785"]
[BlackElo "1633"]
[PlyCount "60"]
[EventDate "2024.05.13"]
[EventType "swiss"]
[EventRounds "7"]
[EventCountry "ESP"]
[SourceTitle "Ajedrez en Madrid"]
[Source "lmi"]
[SourceDate "2024.05.13"]
[SourceVersion "1"]
[SourceVersionDate "2024.05.25"]
[SourceQuality "1"]

1. d4 d5 2. Bf4 Nf6 3. e3 e6 4. Nd2 Bd6 5. Bd3 O-O 6. Ngf3 c5 7. c3 Qc7 8. Ne5
Nbd7 9. Ndf3 Ne4 10. Qc2 f5 11. Nxd7 Bxd7 12. Bxd6 Qxd6 13. Bxe4 fxe4 14. Ne5
cxd4 15. exd4 Bb5 16. a4 Be8 17. Qe2 Qe7 18. Qg4 Qf6 19. O-O Qf5 20. Qg3 Qf4
21. Qxf4 Rxf4 22. f3 exf3 23. Nxf3 Bg6 24. Rae1 Bd3 25. Rf2 Re4 26. Rxe4 Bxe4
27. Ng5 Bf5 28. h3 h6 29. Nf3 Rf8 30. Re2 Bxh3 1/2-1/2

[Event "Madrid ch Superveteranos 2023-2024"]
[Site "Madrid ESP"]
[Date "2024.05.16"]
[Round "3.15"]
[White "Gonzalez Finat, Borja"]
[Black "Martinez De La Puente, Ignacio"]
[Result "0-1"]
[WhiteElo "1672"]
[BlackElo "1778"]
[PlyCount "95"]
[EventDate "2024.05.13"]
[EventType "swiss"]
[EventRounds "7"]
[EventCountry "ESP"]
[SourceTitle "Ajedrez en Madrid"]
[Source "lmi"]
[SourceDate "2024.05.13"]
[SourceVersion "1"]
[SourceVersionDate "2024.05.25"]
[SourceQuality "1"]

1. d4 d5 2. Nf3 Nf6 3. e3 e6 4. Bd3 Bd6 5. Nbd2 Nbd7 6. O-O c6 7. Re1 O-O 8. e4
dxe4 9. Nxe4 Nxe4 10. Rxe4 Re8 11. Rh4 Nf8 12. Qe2 Be7 13. Rh5 g6 14. Rh3 e5
15. Rg3 exd4 16. Qd1 Bd6 17. Bg5 Qc7 18. Bc4 Bxg3 19. fxg3 Be6 20. Bf4 Qe7 21.
Bxe6 Nxe6 22. Be5 f6 23. Bf4 Nxf4 24. gxf4 Qe3+ 25. Kh1 Qxf4 26. Qd3 c5 27. Rf1
Qd6 28. Qb3+ Kg7 29. Qxb7+ Qe7 30. Qd5 Rad8 31. Qc4 Qe2 32. Qxe2 Rxe2 33. Rc1
Rde8 34. Kg1 g5 35. Kf1 g4 36. Ng1 R2e3 37. a3 f5 38. b4 c4 39. h3 Rxa3 40.
hxg4 fxg4 41. Ne2 Rf8+ 42. Kg1 d3 43. Nd4 Re8 44. cxd3 cxd3 45. Rd1 Re4 46.
Nf5+ Kg6 47. Rf1 d2 48. Nh4+ 0-1

[Event "Madrid ch Superveteranos 2023-2024"]
[Site "Madrid ESP"]
[Date "2024.05.16"]
[Round "3.17"]
[White "Santiago Jimenez, Ramon"]
[Black "Marcos Medina, Alejandro"]
[Result "1-0"]
[WhiteElo "1663"]
[BlackElo "1766"]
[PlyCount "113"]
[EventDate "2024.05.13"]
[EventType "swiss"]
[EventRounds "7"]
[EventCountry "ESP"]
[SourceTitle "Ajedrez en Madrid"]
[Source "lmi"]
[SourceDate "2024.05.13"]
[SourceVersion "1"]
[SourceVersionDate "2024.05.25"]
[SourceQuality "1"]

1. d4 d6 2. Nf3 g6 3. Bf4 Bg7 4. Qd2 Nd7 5. Nc3 c6 6. e4 e5 7. dxe5 dxe5 8. Bg3
Qe7 9. Bc4 Nb6 10. Bb3 Be6 11. Bxe6 Qxe6 12. Rd1 Nc4 13. Qc1 Bh6 14. Qb1 f6 15.
b3 Nd6 16. O-O Ne7 17. Rd3 O-O 18. Rfd1 Rad8 19. a4 Nf7 20. a5 Rxd3 21. Rxd3 f5
22. h3 f4 23. Bh2 Nd6 24. Qd1 Nec8 25. Ne1 g5 26. f3 Kf7 27. Na4 Rd8 28. Nc5
Qe7 29. Rd2 Bf8 30. Ned3 b6 31. axb6 axb6 32. Na6 Nb5 33. Nxe5+ Qxe5 34. Rxd8
Ncd6 35. Rd7+ Be7 36. Nb8 Nc3 37. Qe1 Ndb5 38. Nxc6 Qc5+ 39. Kh1 Qxc6 40. Qd2
Nd6 41. Ra7 Nb7 42. Bg1 Ke6 43. Bd4 Bb4 44. Bxc3 Bxc3 45. Qd5+ Qxd5 46. exd5+
Kxd5 47. Rxb7 Kc5 48. Rxh7 Bd4 49. Rh5 Kb4 50. Rxg5 Kc3 51. Rf5 Be3 52. h4 Kxc2
53. b4 Kc3 54. b5 Kc4 55. h5 Bc5 56. h6 Kxb5 57. Rxf4 1-0

[Event "Madrid ch Superveteranos 2023-2024"]
[Site "Madrid ESP"]
[Date "2024.05.16"]
[Round "3.18"]
[White "Estrada Martinez, Cesar"]
[Black "Infante Martin, Alonso"]
[Result "1-0"]
[WhiteElo "1867"]
[BlackElo "1620"]
[PlyCount "71"]
[EventDate "2024.05.13"]
[EventType "swiss"]
[EventRounds "7"]
[EventCountry "ESP"]
[SourceTitle "Ajedrez en Madrid"]
[Source "lmi"]
[SourceDate "2024.05.13"]
[SourceVersion "1"]
[SourceVersionDate "2024.05.25"]
[SourceQuality "1"]

1. e4 e5 2. Nf3 Nc6 3. d4 exd4 4. Nxd4 Bc5 5. Be3 Qf6 6. c3 a6 7. Be2 Nge7 8.
O-O d6 9. Nxc6 Nxc6 10. Bxc5 dxc5 11. Qd5 b6 12. e5 Qe6 13. Bc4 O-O 14. Qe4 Qe8
15. Bd5 Bd7 16. Nd2 Rd8 17. Nf3 Ne7 18. Ng5 g6 19. Qh4 h5 20. Be4 Bf5 21. Rad1
Bxe4 22. Nxe4 Kg7 23. Qf6+ Kg8 24. Qg5 Kg7 25. Nf6 Qc6 26. Nxh5+ Kh7 27. Rxd8
Rxd8 28. Qxe7 Qa8 29. Qxf7+ Kh6 30. Nf4 Rg8 31. e6 Rg7 32. Qf6 Kh7 33. e7 Qe8
34. Nd5 Rf7 35. Qh4+ Kg7 36. Re1 1-0

[Event "Madrid ch Superveteranos 2023-2024"]
[Site "Madrid ESP"]
[Date "2024.05.16"]
[Round "3.19"]
[White "Hortelano Hap, Ramon"]
[Black "Ortiz Landeira, Jose Antonio"]
[Result "0-1"]
[WhiteElo "1678"]
[BlackElo "1817"]
[PlyCount "119"]
[EventDate "2024.05.13"]
[EventType "swiss"]
[EventRounds "7"]
[EventCountry "ESP"]
[SourceTitle "Ajedrez en Madrid"]
[Source "lmi"]
[SourceDate "2024.05.13"]
[SourceVersion "1"]
[SourceVersionDate "2024.05.25"]
[SourceQuality "1"]

1. f4 d5 2. d4 Nf6 3. Nf3 Bf5 4. e3 Bg4 5. Bd3 e6 6. O-O c5 7. c3 c4 8. Bc2 g6
9. Ba4+ Nbd7 10. b3 Rc8 11. bxc4 Rxc4 12. Na3 Rc8 13. Qe1 Bxf3 14. Rxf3 Qa5 15.
Bxd7+ Nxd7 16. Nb1 Nf6 17. a4 Ne4 18. Ba3 Qxa4 19. Bb2 Qb5 20. Qc1 a6 21. Na3
Qc6 22. Nb1 b5 23. Rf1 Be7 24. Qc2 O-O 25. Rc1 Rc7 26. Qd3 Ra8 27. Na3 Bxa3 28.
Rxa3 Qc4 29. Qxc4 Rxc4 30. Rca1 Rc6 31. Rd1 Rac8 32. Rd3 b4 33. Ra1 bxc3 34.
Bc1 Ra8 35. Kf1 a5 36. Ke2 a4 37. Ba3 Rb6 38. Ra2 Rb3 39. g4 Rab8 40. Bc1 Rb2+
41. Bxb2 cxb2 42. Rd1 b1=Q 43. Rxb1 Rxb1 44. Kd3 Rb3+ 45. Kc2 Rxe3 46. Rxa4
Re2+ 47. Kd3 Rxh2 48. f5 gxf5 49. gxf5 Rf2 50. fxe6 fxe6 51. Ra6 Kf7 52. Ra7+
Kg6 53. Re7 Rf6 54. Re8 h5 55. Rg8+ Kf5 56. Rg2 h4 57. Rh2 Kg4 58. Rg2+ Ng3 59.
Ke3 h3 60. Rf2 0-1

[Event "Madrid ch Superveteranos 2023-2024"]
[Site "Madrid ESP"]
[Date "2024.05.16"]
[Round "3.20"]
[White "Abad Martin-Camunas, Luis"]
[Black "Ros Martinez, Francisco Javier"]
[Result "1-0"]
[WhiteElo "1623"]
[BlackElo "1731"]
[PlyCount "87"]
[EventDate "2024.05.13"]
[EventType "swiss"]
[EventRounds "7"]
[EventCountry "ESP"]
[SourceTitle "Ajedrez en Madrid"]
[Source "lmi"]
[SourceDate "2024.05.13"]
[SourceVersion "1"]
[SourceVersionDate "2024.05.25"]
[SourceQuality "1"]

1. e4 e5 2. Nf3 Nc6 3. Bb5 a6 4. Ba4 d6 5. c3 g5 6. h3 b5 7. Bc2 g4 8. hxg4
Bxg4 9. d4 exd4 10. cxd4 Bg7 11. Be3 Bxf3 12. gxf3 Nge7 13. a3 Na5 14. Nd2 Ng6
15. Qe2 Qf6 16. Nb3 Nc4 17. Bd3 Nf4 18. Bxf4 Qxf4 19. Bxc4 bxc4 20. Nd2 Bxd4
21. Nxc4 Kf8 22. Ne3 Bxe3 23. fxe3 Qe5 24. O-O-O Rb8 25. Rdg1 Rg8 26. Qc2 Rxg1+
27. Rxg1 Rb5 28. Kb1 Rc5 29. Qd3 a5 30. f4 Qe6 31. e5 Qh6 32. exd6 Qxd6 33.
Qxh7 Qf6 34. Rg8+ Ke7 35. Qe4+ Qe6 36. Qxe6+ fxe6 37. Rg1 Kd6 38. Rd1+ Ke7 39.
Rc1 Kd6 40. Rxc5 Kxc5 41. Kc2 Kd5 42. Kd3 a4 43. e4+ Kd6 44. Kc4 1-0

[Event "Madrid ch Superveteranos 2023-2024"]
[Site "Madrid ESP"]
[Date "2024.05.16"]
[Round "3.21"]
[White "Martinez Miura, Enrique"]
[Black "Perez Molero, Jose Ignacio"]
[Result "1-0"]
[WhiteElo "1703"]
[BlackElo "1682"]
[PlyCount "99"]
[EventDate "2024.05.13"]
[EventType "swiss"]
[EventRounds "7"]
[EventCountry "ESP"]
[SourceTitle "Ajedrez en Madrid"]
[Source "lmi"]
[SourceDate "2024.05.13"]
[SourceVersion "1"]
[SourceVersionDate "2024.05.25"]
[SourceQuality "1"]

1. e4 c6 2. d4 d5 3. Nc3 dxe4 4. Nxe4 Nd7 5. Nf3 Ngf6 6. Nxf6+ Nxf6 7. h3 Bf5
8. Bd3 Bxd3 9. Qxd3 e6 10. O-O Be7 11. Re1 O-O 12. Qe2 c5 13. dxc5 Bxc5 14. Be3
Bxe3 15. Qxe3 Nd5 16. Qe4 Qc7 17. Rad1 Nf6 18. Qe2 Rac8 19. c3 Qa5 20. Ne5 Rfd8
21. a3 Qc7 22. Ng4 Nd5 23. Qe5 Qxe5 24. Nxe5 Nb6 25. Kf1 Kf8 26. Ke2 Na4 27.
Nd3 f6 28. Rd2 Rd5 29. Rc2 Rcd8 30. Nf4 R5d6 31. Kf1 Kf7 32. g3 e5 33. Ng2 Rd2
34. Re2 Rxc2 35. Rxc2 Rd1+ 36. Ke2 Rb1 37. c4 Rxb2 38. Rxb2 Nxb2 39. Ne3 Ke6
40. Kd2 Na4 41. Kc2 Nc5 42. f3 f5 43. Kc3 e4 44. f4 h6 45. h4 g6 46. Nd5 Nd3
47. Nc7+ Kd6 48. Nd5 Nf2 49. Ne3 Kc5 50. Nd5 1-0

[Event "Madrid ch Superveteranos 2023-2024"]
[Site "Madrid ESP"]
[Date "2024.05.16"]
[Round "3.22"]
[White "Becerra Baigorri, Jose"]
[Black "Siddiqie, Kausar Iqbal"]
[Result "1-0"]
[WhiteElo "1687"]
[BlackElo "1596"]
[PlyCount "98"]
[EventDate "2024.05.13"]
[EventType "swiss"]
[EventRounds "7"]
[EventCountry "ESP"]
[SourceTitle "Ajedrez en Madrid"]
[Source "lmi"]
[SourceDate "2024.05.13"]
[SourceVersion "1"]
[SourceVersionDate "2024.05.25"]
[SourceQuality "1"]

1. e4 e5 2. Nf3 Nc6 3. Bb5 Nf6 4. O-O Bc5 5. Nc3 d6 6. h3 O-O 7. d3 h6 8. Na4
a6 9. Bxc6 bxc6 10. Nxc5 dxc5 11. Nxe5 Bb7 12. Nc4 Re8 13. Be3 Qe7 14. Na5 Rab8
15. Nxb7 Rxb7 16. b3 Rd8 17. Qe1 c4 18. bxc4 Qa3 19. Bc1 Qc5 20. Qc3 Rdb8 21.
Ba3 Qb6 22. e5 Nh5 23. d4 Nf4 24. Qe3 Ne6 25. c3 Qa5 26. Be7 Rb2 27. a4 R8b3
28. Bb4 Rxb4 29. cxb4 Qxb4 30. d5 cxd5 31. cxd5 Nd4 32. Qa3 Qb7 33. Rad1 Rb3
34. Qc5 Ne2+ 35. Kh1 Rc3 36. Qe7 Qb3 37. Qd8+ Kh7 38. Qh4 Rc4 39. Qh5 Qc2 40.
Qxf7 Rf4 41. Qd7 Rxf2 42. Qg4 Nf4 43. Rc1 Rxf1+ 44. Rxf1 Qe4 45. Qxf4 Qxd5 46.
Qf5+ Kh8 47. Qf8+ Qg8 48. e6 a5 49. e7 c5 1-0

[Event "Madrid ch Superveteranos 2023-2024"]
[Site "Madrid ESP"]
[Date "2024.05.16"]
[Round "3.23"]
[White "Vasquez Escobar, Andres Eloy"]
[Black "De Los Rios Camacho, Juan Antoni"]
[Result "0-1"]
[WhiteElo "1600"]
[BlackElo "1728"]
[PlyCount "74"]
[EventDate "2024.05.13"]
[EventType "swiss"]
[EventRounds "7"]
[EventCountry "ESP"]
[SourceTitle "Ajedrez en Madrid"]
[Source "lmi"]
[SourceDate "2024.05.13"]
[SourceVersion "1"]
[SourceVersionDate "2024.05.25"]
[SourceQuality "1"]

1. d4 Nf6 2. h3 d6 3. Bf4 Nbd7 4. Nf3 c5 5. e3 a6 6. Be2 b5 7. O-O Bb7 8. c4
Rb8 9. b3 g6 10. cxb5 axb5 11. Bxb5 Bg7 12. Nbd2 O-O 13. Be2 Ne4 14. Nxe4 Bxe4
15. Rc1 cxd4 16. Nxd4 e5 17. Nc6 Bxc6 18. Rxc6 exf4 19. Rxd6 Rb7 20. Bg4 f5 21.
Qd5+ Rf7 22. Qxb7 fxg4 23. Rfd1 Qb8 24. Qd5 Nf8 25. e4 gxh3 26. gxh3 Qc8 27.
Kh2 f3 28. Rd3 Qb7 29. Qc4 Be5+ 30. Kg1 Bxd6 31. Rxd6 Qc7 32. Rc6 Qe5 33. Rc5
Qa1+ 34. Kh2 Qxa2 35. Kg3 Qa1 36. Rc7 Qe5+ 37. Kh4 Qf4# 0-1

[Event "Madrid ch Superveteranos 2023-2024"]
[Site "Madrid ESP"]
[Date "2024.05.16"]
[Round "3.24"]
[White "Ramos Antona, Enrique"]
[Black "Benito Mellado, Humberto"]
[Result "0-1"]
[WhiteElo "1737"]
[BlackElo "1608"]
[PlyCount "102"]
[EventDate "2024.05.13"]
[EventType "swiss"]
[EventRounds "7"]
[EventCountry "ESP"]
[SourceTitle "Ajedrez en Madrid"]
[Source "lmi"]
[SourceDate "2024.05.13"]
[SourceVersion "1"]
[SourceVersionDate "2024.05.25"]
[SourceQuality "1"]

1. d4 d5 2. c4 e6 3. Nf3 c5 4. cxd5 Qxd5 5. Nc3 Qd8 6. Bf4 cxd4 7. Nxd4 Nf6 8.
Ndb5 Qxd1+ 9. Rxd1 Na6 10. Nd6+ Ke7 11. a3 Nc5 12. f3 a6 13. e3 Nh5 14. Bg5+ f6
15. Bh4 g5 16. Bf2 b5 17. b4 Nb7 18. Nce4 Bh6 19. Be2 f5 20. Nxb7 Bxb7 21. Nc5
Bc6 22. O-O Nf6 23. Bg3 f4 24. exf4 gxf4 25. Bh4 Kf7 26. Bxf6 Kxf6 27. Ne4+ Ke7
28. Rd3 Rhd8 29. Rfd1 Rxd3 30. Rxd3 Bg7 31. g3 fxg3 32. hxg3 Bd5 33. Rd1 Bb2
34. Kg2 Bxa3 35. Nc3 Rd8 36. Nxd5+ Rxd5 37. Rxd5 exd5 38. Bd3 h6 39. f4 Bxb4
40. g4 Bc3 41. Kf3 Kf6 42. Ke2 Ke7 43. Kf3 Kd6 44. Ke3 Kc5 45. Ke2 a5 46. Kd1
a4 47. Bb1 b4 48. Kc2 Kc4 49. Kd1 b3 50. g5 hxg5 51. fxg5 a3 0-1

[Event "Madrid ch Superveteranos 2023-2024"]
[Site "Madrid ESP"]
[Date "2024.05.16"]
[Round "3.25"]
[White "Plaza Plaza, Prudencio"]
[Black "Salgado Duarte, Pablo"]
[Result "1-0"]
[WhiteElo "1612"]
[BlackElo "1663"]
[PlyCount "75"]
[EventDate "2024.05.13"]
[EventType "swiss"]
[EventRounds "7"]
[EventCountry "ESP"]
[SourceTitle "Ajedrez en Madrid"]
[Source "lmi"]
[SourceDate "2024.05.13"]
[SourceVersion "1"]
[SourceVersionDate "2024.05.25"]
[SourceQuality "1"]

1. d4 d5 2. Nf3 Nc6 3. c4 Bf5 4. Nc3 e6 5. Qb3 Bb4 6. Bd2 Nf6 7. e3 Bxc3 8.
Bxc3 Qc8 9. cxd5 Nxd5 10. Bb5 O-O 11. Bxc6 bxc6 12. O-O Qa6 13. Rfe1 Rab8 14.
Qd1 Bg4 15. h3 Bxf3 16. Qxf3 Qb6 17. a3 Qb3 18. e4 Nxc3 19. bxc3 Qc4 20. Reb1
Rb6 21. Rb4 Qa6 22. a4 Rfb8 23. Rxb6 cxb6 24. Qg3 Qb7 25. c4 Rd8 26. Qe5 Qd7
27. Rd1 c5 28. d5 Qxa4 29. Ra1 Qxc4 30. Rxa7 g6 31. Qf6 Rf8 32. d6 Qd4 33. e5
Qd1+ 34. Kh2 Qd4 35. d7 Qd5 36. Rc7 Qa8 37. Qe7 Qd8 38. Qxd8 1-0

[Event "Madrid ch Superveteranos 2023-2024"]
[Site "Madrid ESP"]
[Date "2024.05.16"]
[Round "3.26"]
[White "Garcia Marin, Blas"]
[Black "Lopez Manso, Jeronimo"]
[Result "1-0"]
[WhiteElo "1612"]
[BlackElo "1564"]
[PlyCount "63"]
[EventDate "2024.05.13"]
[EventType "swiss"]
[EventRounds "7"]
[EventCountry "ESP"]
[SourceTitle "Ajedrez en Madrid"]
[Source "lmi"]
[SourceDate "2024.05.13"]
[SourceVersion "1"]
[SourceVersionDate "2024.05.25"]
[SourceQuality "1"]

1. e4 Nf6 2. Nc3 d5 3. e5 d4 4. exf6 dxc3 5. fxe7 cxd2+ 6. Bxd2 Bxe7 7. Qf3 O-O
8. Bd3 Nc6 9. c3 Kh8 10. Bc2 Ne5 11. Qe4 Ng6 12. O-O-O f5 13. Qe2 Qd5 14. Kb1
Qxg2 15. Nf3 Bc5 16. Be3 Re8 17. Bxc5 Be6 18. Be3 f4 19. Rdg1 Qh3 20. Ng5 Qh4
21. Nxe6 Rxe6 22. Qc4 Rc6 23. Qe2 fxe3 24. Qxe3 Rd8 25. Re1 Qf6 26. a3 Nf8 27.
Rd1 Nd7 28. Rhe1 g6 29. Rxd7 Rf8 30. Qe7 Qxe7 31. Rexe7 Rxf2 32. Rd8+ 1-0

[Event "Madrid ch Superveteranos 2023-2024"]
[Site "Madrid ESP"]
[Date "2024.05.17"]
[Round "4.1"]
[White "Gonzalez Rivera, Eduardo"]
[Black "Barraza Caracuel, Ignacio"]
[Result "1/2-1/2"]
[WhiteElo "1965"]
[BlackElo "2046"]
[PlyCount "42"]
[EventDate "2024.05.13"]
[EventType "swiss"]
[EventRounds "7"]
[EventCountry "ESP"]
[SourceTitle "Ajedrez en Madrid"]
[Source "lmi"]
[SourceDate "2024.05.13"]
[SourceVersion "1"]
[SourceVersionDate "2024.05.25"]
[SourceQuality "1"]

1. e4 c5 2. Nf3 Nc6 3. d4 cxd4 4. Nxd4 e5 5. Nb3 Nf6 6. Bg5 Bb4+ 7. N1d2 d5 8.
exd5 Qxd5 9. Bxf6 gxf6 10. Qh5 Qe4+ 11. Be2 Qxc2 12. Qh6 Qg6 13. Qe3 Qg5 14. f4
Qxg2 15. Bf3 Qh3 16. O-O-O Bd7 17. Ne4 O-O-O 18. Nxf6 Qe6 19. Nxd7 Rxd7 20.
Rxd7 Qxd7 21. fxe5 Qc7 1/2-1/2

[Event "Madrid ch Superveteranos 2023-2024"]
[Site "Madrid ESP"]
[Date "2024.05.17"]
[Round "4.2"]
[White "Cabanas Bravo, Juan Andres"]
[Black "Pastor Alonso De Prado, Alberto"]
[Result "1-0"]
[WhiteElo "1986"]
[BlackElo "1980"]
[PlyCount "65"]
[EventDate "2024.05.13"]
[EventType "swiss"]
[EventRounds "7"]
[EventCountry "ESP"]
[SourceTitle "Ajedrez en Madrid"]
[Source "lmi"]
[SourceDate "2024.05.13"]
[SourceVersion "1"]
[SourceVersionDate "2024.05.25"]
[SourceQuality "1"]

1. e4 c5 2. Nf3 e6 3. d4 cxd4 4. Nxd4 a6 5. Nc3 b5 6. g3 Bb7 7. Bg2 Nf6 8. a3
b4 9. axb4 Bxb4 10. O-O O-O 11. Re1 e5 12. Nf5 d5 13. exd5 Re8 14. Bg5 Nbd7 15.
Re3 Nb6 16. Rd3 Bxc3 17. bxc3 Nc4 18. Rb1 Bc8 19. g4 e4 20. Rd4 Nd6 21. Bxf6
Qxf6 22. Nxd6 Qxd6 23. Bxe4 Bd7 24. Qf3 g6 25. Bd3 a5 26. Rf4 a4 27. Rxf7 Bxg4
28. Qf6 Qxf6 29. Rxf6 Re5 30. f4 Re3 31. Rfb6 Ree8 32. Ra1 Be2 33. Kf2 1-0

[Event "Madrid ch Superveteranos 2023-2024"]
[Site "Madrid ESP"]
[Date "2024.05.17"]
[Round "4.3"]
[White "Fernandez Garcia, Ignacio"]
[Black "Martin Martin, Luis Vicente"]
[Result "0-1"]
[WhiteElo "1872"]
[BlackElo "1953"]
[PlyCount "124"]
[EventDate "2024.05.13"]
[EventType "swiss"]
[EventRounds "7"]
[EventCountry "ESP"]
[SourceTitle "Ajedrez en Madrid"]
[Source "lmi"]
[SourceDate "2024.05.13"]
[SourceVersion "1"]
[SourceVersionDate "2024.05.25"]
[SourceQuality "1"]

1. Nf3 d5 2. d4 Nf6 3. Nc3 Bf5 4. Nh4 Bg4 5. h3 Bc8 6. g4 g6 7. Bg2 c6 8. Bf4
Bg7 9. Qd2 h6 10. Bg3 Nbd7 11. O-O O-O 12. f4 e6 13. Rae1 Nb6 14. b3 h5 15. g5
Ne8 16. Qd3 Nd6 17. e3 Nf5 18. Nxf5 exf5 19. Nb1 Be6 20. Nd2 Nc8 21. c4 Nd6 22.
c5 Ne4 23. Bh4 Qa5 24. Nxe4 fxe4 25. Qc2 b6 26. Re2 bxc5 27. dxc5 Rfb8 28. Be1
Qa3 29. Bc3 Bf8 30. Bd4 Bc8 31. Rc1 a5 32. Rf2 a4 33. bxa4 Rxa4 34. Qc3 Qxc3
35. Rxc3 Rb1+ 36. Kh2 Ba6 37. Rb3 Rb4 38. Rxb1 Rxb1 39. f5 gxf5 40. Rxf5 Bb5
41. h4 Bg7 42. Bf6 Re1 43. Re5 Rxe3 44. Re8+ Kh7 45. Bh3 Bxf6 46. gxf6 Kg6 47.
Re5 Ra3 48. Rg5+ Kxf6 49. Rxh5 Rxa2+ 50. Kg1 Ra3 51. Kh2 Ra2+ 52. Kg1 e3 53.
Rf5+ Kg6 54. h5+ Kh6 55. Bg4 Ra1+ 56. Kg2 e2 57. Bxe2 Bxe2 58. Rxf7 Kxh5 59.
Rf2 Bc4 60. Rf6 Bb5 61. Kg3 Kg5 62. Rf8 Rc1 0-1